00280cam a22000857a 4500008003600000082001100036245005100047260004600098500005000144180718b xxu||||| |||| 00| 0 eng d aK85x42 aAllocation of pension : explanatory memorandum aLondonbHer Majesty's Stationery Officec aContents : Library has 1946, 1955, 1957, 1970